000 00610cam a2200253Ia 4500
003 data
005 20260322212005.0
008 data
010 _a00022285
020 _a0446522996
020 _a9780446522991
040 _aDLC
_cDLC
_dJBO
043 _an-us-tx
099 _aGREENT
100 1 _aGreen, Tim,
_d1963-
245 1 4 _aThe letter of the law /
_cTim Green.
260 _aNew York :
_bWarner Books,
_cc2000.
300 _a341 p. ;
_c24 cm.
650 0 _aWomen lawyers
_vFiction.
650 0 _aTrials (Murder)
_vFiction.
651 0 _aTexas
_vFiction.
655 7 _aLegal stories.
_2lcsh.
001 data
999 _c75
_d75